| 000 | 00622nam a22002417a 4500 | ||
|---|---|---|---|
| 999 |
_c6597 _d6597 |
||
| 001 | 6597 | ||
| 003 | BD-JhCC | ||
| 005 | 20180130092626.0 | ||
| 008 | 180127b xxu||||| |||| 00| 0 eng d | ||
| 020 | _a0070432104 | ||
| 035 | _a(BD-JhCC)6597 | ||
| 040 |
_aBD-JhCC _dBD-JhCC |
||
| 041 | _aeng | ||
| 082 |
_a150 _bINT 1986 |
||
| 245 |
_aIntroduction to Psychology / _cClifford T. Morgan...[et. all.]. |
||
| 250 | _a7th ed. | ||
| 260 |
_aSingapur : _bMc Graw - hill Book Company, _c1986. |
||
| 300 |
_a652 p. : _c26 cm. |
||
| 650 | _aPsychology | ||
| 700 | _aMorgan, Clifford T. | ||
| 942 |
_2ddc _cBK |
||